Differential equations
Guardat en:
| Autors principals: | , |
|---|---|
| Format: | Llibre |
| Idioma: | anglès |
| Publicat: |
Nueva York
Academic Press
1980
|
| Matèries: | |
| Etiquetes: |
Afegir etiqueta
Sense etiquetes, Sigues el primer a etiquetar aquest registre!
|
MARC
| LEADER | 00000nam a2200000 a 4500 | ||
|---|---|---|---|
| 001 | UCP0392 | ||
| 003 | CL-VaPUC | ||
| 008 | 990305e19800000US |||||||||||||||||eng|d | ||
| 082 | 0 | 4 | |a 515.35 |b AHM |2 21 |
| 100 | 0 | |a Ahmad, Shair |e author |9 425682 | |
| 700 | 0 | |a Keener, Marvin |e author |9 425683 | |
| 245 | 1 | 0 | |a Differential equations |
| 300 | |a 278 p | ||
| 942 | |c BK | ||
| 945 | |d 19990305 00:00:00 |a lriquelm | ||
| 260 | |a Nueva York |b Academic Press |c 1980 | ||
| 650 | 0 | |a Ecuaciones diferenciales ordinarias |9 270041 | |
| 650 | 0 | |a Ecuaciones diferenciales no lineales |9 270831 | |
| 650 | 0 | |a Hipérbolas |9 358878 | |
| 583 | |a last modification |c 19990305 00:00:00 |k Rodrigo Vera | ||
| 999 | |c 279210 |d 279208 | ||
| 952 | |0 0 |1 0 |4 0 |6 515_350000000000000_AHM_1980 |7 0 |8 A |9 318154 |a BIBMAT |b BIBMAT |d 2019-11-20 |i 1321501 |o 515.35 AHM 1980 |p 1321501 |r 2025-01-07 |w 2019-11-20 |y BK |k MAT | ||
| 952 | |0 0 |1 0 |4 0 |6 515_350000000000000_AHM_1980 |7 0 |8 A |9 318155 |a BIBMAT |b BIBMAT |d 2019-11-20 |i 1321528 |o 515.35 AHM 1980 |p 1321528 |r 2025-01-07 |w 2019-11-20 |y BK |k MAT | ||